[Event "Macieja Memorial"]
[Site "Warsaw POL"]
[Date "2024.07.08"]
[Round "6.7"]
[White "Szczotka, Klara"]
[Black "Markowski, Tomasz"]
[Result "0-1"]
[WhiteElo "2093"]
[BlackElo "2493"]
[EventDate "2024.07.08"]
[PlyCount "102"]

1.d4 c5 2.d5 d6 3.c4 g6 4.Nc3 Bg7 5.e4 e6 6.Nf3 Ne7 7.Be3 O-O 8.Rc1 a6 9.a4 
exd5 10.cxd5 Bg4 11.Be2 Nd7 12.h3 Bxf3 13.Bxf3 f5 14.Qd2 Ne5 15.Be2 fxe4 
16.Nxe4 Nf5 17.Bg5 Qd7 18.O-O Nd4 19.Bd1 Rae8 20.f4 Nc4 21.Rxc4 Rxe4 22.Kh1 Qf7 
23.Qd3 Rfe8 24.Bf3 Re3 25.Qd1 Nxf3 26.gxf3 Qf5 27.Kg2 Rd3 28.Qc2 Rxd5 29.Qxf5 
gxf5 30.Kg3 Kf7 31.Rfc1 Re2 32.b4 b5 33.R4c2 Rxc2 34.Rxc2 c4 35.axb5 axb5 
36.Ra2 Rd1 37.Ra7+ Kg6 38.Rc7 c3 39.Kf2 d5 40.Ke2 Rd2+ 41.Ke1 d4 42.h4 h5 
43.Rc6+ Kf7 44.Rc7+ Kg6 45.Rc6+ Kh7 46.Rc7 Rg2 47.Bf6 Kh6 48.Bg5+ Kg6 49.Rc6+ 
Kh7 50.Rc7 d3 51.Kd1 Rg1# 0-1

[Event "Macieja Memorial"]
[Site "Warsaw POL"]
[Date "2024.07.08"]
[Round "6.8"]
[White "Terkiewicz, Bruno"]
[Black "Peng, Li Min"]
[Result "0-1"]
[WhiteElo "2084"]
[BlackElo "2425"]
[EventDate "2024.07.08"]
[PlyCount "44"]

1.d4 Nf6 2.c4 e6 3.g3 d5 4.Bg2 Be7 5.Nf3 O-O 6.O-O Nbd7 7.cxd5 exd5 8.Nc3 c6 
9.Bf4 Re8 10.Ne1 Nf8 11.Nd3 h6 12.Qd2 Bf5 13.Rfe1 Ne6 14.Be5 a5 15.Rad1 Ne4 
16.Nxe4 dxe4 17.Nf4 Bb4 18.Qc1 Bxe1 19.Rxe1 Nxd4 20.Bxd4 Qxd4 21.Rd1 Qb6 22.e3 
Rad8 0-1

[Event "Macieja Memorial"]
[Site "Warsaw POL"]
[Date "2024.07.08"]
[Round "6.9"]
[White "Nasuta, Grzegorz"]
[Black "Zawadzka, Jolanta"]
[Result "0-1"]
[WhiteElo "2420"]
[BlackElo "2185"]
[EventDate "2024.07.08"]
[PlyCount "90"]

1.e4 c5 2.Nf3 Nc6 3.Bb5 d6 4.Bxc6+ bxc6 5.e5 Bg4 6.h3 Bh5 7.d3 e6 8.exd6 Bxd6 
9.Nbd2 Nf6 10.Nc4 Be7 11.Bd2 O-O 12.Qe2 Qd5 13.g4 Bg6 14.O-O-O Rab8 15.Nfe5 Nd7 
16.Nxd7 Qxd7 17.h4 f6 18.h5 Bf7 19.f4 Rfe8 20.h6 g6 21.g5 e5 22.gxf6 Bxf6 23.f5 
e4 24.dxe4 Qd4 25.Bc3 Bg5+ 26.Nd2 Qxc3 27.bxc3 Bxa2 28.Qc4+ Bxc4 29.Rdg1 Bxd2+ 
30.Kxd2 Bf7 31.Rg4 Rbd8+ 32.Ke3 Re5 33.Rf1 Rde8 34.Kf3 a5 35.Ra1 c4 36.Rb1 Kf8 
37.Rb7 gxf5 38.Rg7 R5e7 39.Rxe7 Rxe7 40.exf5 a4 41.f6 Ra7 42.Kf4 a3 43.Rxh7 a2 
44.Rh8+ Bg8 45.h7 Rxh7 0-1

[Event "Macieja Memorial"]
[Site "Warsaw POL"]
[Date "2024.07.08"]
[Round "6.10"]
[White "Sengupta, Deep"]
[Black "Rekuc, Patryk"]
[Result "1-0"]
[WhiteElo "2350"]
[BlackElo "2131"]
[EventDate "2024.07.08"]
[PlyCount "67"]

1.d4 Nf6 2.Bf4 e6 3.e3 d5 4.Nf3 c5 5.c3 Be7 6.Nbd2 O-O 7.Bd3 b6 8.O-O Bb7 9.Ne5 
Nc6 10.Bg3 Bd6 11.f4 Ne7 12.Qf3 Rc8 13.Rae1 a6 14.Bh4 Rc7 15.g4 Ng6 16.Bg3 Nd7 
17.g5 Ne7 18.Qh5 g6 19.Qh3 Bxe5 20.fxe5 Nf5 21.Bf4 Rc8 22.Rf3 Re8 23.Nf1 b5 
24.Ng3 b4 25.cxb4 cxb4 26.Nh1 Nf8 27.Nf2 Qa5 28.Rf1 Qxa2 29.Ng4 Qxb2 30.Nf6+ 
Kg7 31.Bxf5 exf5 32.Qh6+ Kh8 33.Rh3 Rc2 34.Qxh7+ 1-0

[Event "Macieja Memorial"]
[Site "Warsaw POL"]
[Date "2024.07.08"]
[Round "6.11"]
[White "Zebracki, Tomasz"]
[Black "Bogdanov, Egor"]
[Result "0-1"]
[WhiteElo "2048"]
[BlackElo "2349"]
[EventDate "2024.07.08"]
[PlyCount "51"]

1.d4 Nf6 2.Bf4 g6 3.Nc3 c5 4.d5 d6 5.e4 Bg7 6.Nf3 O-O 7.Qd2 a6 8.a4 Qa5 9.Ra2 
Qb4 10.Bd3 Bg4 11.Ne2 Bxf3 12.Qxb4 cxb4 13.gxf3 Nbd7 14.a5 Nc5 15.Bc4 Rac8 
16.b3 Nfd7 17.Bd2 Ne5 18.Ng1 Nxc4 19.bxc4 Nd7 20.Bxb4 Rxc4 21.Bd2 Rfc8 22.Kd1 
Ne5 23.f4 Ng4 24.Nh3 Rd4 25.f3 Ne3+ 26.Kc1 0-1

[Event "Macieja Memorial"]
[Site "Warsaw POL"]
[Date "2024.07.08"]
[Round "6.12"]
[White "Malek, Jan"]
[Black "Nesterenko, Kyrylo"]
[Result "1-0"]
[WhiteElo "2344"]
[BlackElo "2091"]
[EventDate "2024.07.08"]
[PlyCount "97"]

1.c4 e5 2.Nc3 Nf6 3.Nf3 e4 4.Nd4 c6 5.d3 exd3 6.Qxd3 d5 7.cxd5 cxd5 8.g3 Nc6 
9.Bg2 Be7 10.O-O O-O 11.Rd1 Re8 12.Bf4 Be6 13.Rac1 Rc8 14.Nxe6 fxe6 15.e4 d4 
16.Ne2 e5 17.Bd2 Qd7 18.a3 Rf8 19.b4 a6 20.Rc2 Na7 21.Rdc1 Rxc2 22.Rxc2 Qb5 
23.Nc1 Rc8 24.Qb3+ Kf8 25.Nd3 Rxc2 26.Qxc2 Qc6 27.Qxc6 Nxc6 28.f4 Bd6 29.Bf3 
Ke7 30.Kg2 g6 31.Nf2 Nd7 32.Be2 b5 33.Nd3 Nb6 34.Nb2 Kf6 35.Kf3 Bf8 36.Bd3 Bd6 
37.Ke2 Nd8 38.Kf3 Ne6 39.h4 Nc7 40.f5 gxf5 41.exf5 Ncd5 42.g4 Nc3 43.g5+ Kf7 
44.Bxc3 dxc3 45.Nd1 Na4 46.Bc2 Nb2 47.Nxc3 Nc4 48.Bb3 Ke7 49.Bxc4 1-0

[Event "Macieja Memorial"]
[Site "Warsaw POL"]
[Date "2024.07.08"]
[Round "6.13"]
[White "Kacprzak, Kacper"]
[Black "Sliwicki, Damian"]
[Result "0-1"]
[WhiteElo "2297"]
[BlackElo "2058"]
[EventDate "2024.07.08"]
[PlyCount "93"]

1.e4 c5 2.Nf3 g6 3.d4 cxd4 4.Nxd4 Nc6 5.c4 Nf6 6.Nc3 Nxd4 7.Qxd4 d6 8.Be3 Bg7 
9.Be2 O-O 10.Qd2 a5 11.Rd1 a4 12.O-O Qa5 13.f3 Be6 14.Nd5 Bxd5 15.exd5 Nd7 
16.Rfe1 Qxd2 17.Rxd2 a3 18.b3 Bc3 19.Bf1 Nc5 20.Rb1 Bxd2 21.Bxd2 Rfe8 22.Kf2 e6 
23.dxe6 Rxe6 24.b4 Na4 25.Rb3 Nb2 26.h4 Rc8 27.Rxa3 Nxc4 28.Rc3 d5 29.Bf4 Ra8 
30.Rc2 b5 31.Kg3 h5 32.Kf2 Ra4 33.Bc1 Rxb4 34.g4 hxg4 35.fxg4 Ne5 36.g5 Rxh4 
37.Bg2 Nd3+ 38.Kg3 Rc4 39.Rd2 Nxc1 40.Bxd5 Rc3+ 41.Kf4 Nd3+ 42.Kg4 Ne5+ 43.Kf4 
Re7 44.Be4 Kg7 45.a4 bxa4 46.Ra2 Rc4 47.Rh2 0-1

[Event "Macieja Memorial"]
[Site "Warsaw POL"]
[Date "2024.07.08"]
[Round "6.14"]
[White "Maltsevskaya, Aleksandra"]
[Black "Syrkiewicz, Michal"]
[Result "1-0"]
[WhiteElo "2288"]
[BlackElo "1930"]
[EventDate "2024.07.08"]
[PlyCount "65"]

1.e4 c5 2.Nf3 e6 3.d4 cxd4 4.Nxd4 a6 5.Bd3 Nc6 6.Nxc6 dxc6 7.O-O e5 8.f4 Bc5+ 
9.Kh1 Nf6 10.f5 b5 11.a4 Bb7 12.Nd2 h5 13.Nb3 Bb6 14.Bg5 Qc7 15.Qe1 O-O-O 
16.Be3 Ng4 17.Bxb6 Qxb6 18.h3 Nf6 19.axb5 cxb5 20.Qc3+ Qc7 21.Nc5 h4 22.Rfe1 
Rd6 23.Nxb7 Kxb7 24.Qxe5 Nh5 25.Bxb5 Ng3+ 26.Kh2 axb5 27.Re3 f6 28.Qxb5+ Rb6 
29.Qd5+ Qc6 30.Qf7+ Qc7 31.Ra7+ Kxa7 32.Qxc7+ Rb7 33.Ra3# 1-0

[Event "Macieja Memorial"]
[Site "Warsaw POL"]
[Date "2024.07.08"]
[Round "6.15"]
[White "Kaminski, Maciej"]
[Black "Bartel, Michal"]
[Result "1/2-1/2"]
[WhiteElo "2019"]
[BlackElo "2250"]
[EventDate "2024.07.08"]
[PlyCount "162"]

1.e4 e5 2.Nf3 Nc6 3.Bb5 g6 4.d4 exd4 5.c3 dxc3 6.Nxc3 Bg7 7.O-O h6 8.Be3 d6 
9.Rc1 Nf6 10.e5 Ng4 11.Nd5 O-O 12.exd6 cxd6 13.Qd2 Nxe3 14.Nxe3 Ne5 15.Be2 Be6 
16.b3 Qe7 17.Rfd1 Rfd8 18.Nd5 Bxd5 19.Qxd5 Rac8 20.Rxc8 Rxc8 21.Qxd6 Qxd6 
22.Rxd6 Rc2 23.Rd8+ Kh7 24.Nxe5 Rxe2 25.Nf3 Rxa2 26.g3 Rb2 27.Nd2 a5 28.Nc4 
Rxb3 29.Nxa5 Rb2 30.Rd7 b6 31.Nc4 Rb4 32.Ne3 Kg8 33.Rd8+ Bf8 34.Nd5 Rb1+ 35.Kg2 
Kg7 36.Rb8 Bc5 37.Rb7 Rb2 38.Kh3 Rxf2 39.Nf4 Rf1 40.Ne6+ Kf6 41.Nxc5 bxc5 
42.Rc7 Rc1 43.Kg4 c4 44.Kf3 c3 45.Kg2 Ke6 46.Rc8 h5 47.h4 Ke5 48.Rc7 c2 49.Rc8 
Kd4 50.Rd8+ Ke4 51.Re8+ Kd3 52.Rd8+ Ke4 53.Re8+ Kf5 54.Rc8 f6 55.Rc5+ Ke6 
56.Rc8 f5 57.Rc6+ Kd5 58.Rc8 f4 59.gxf4 Ke4 60.Rc4+ Ke3 61.Rc8 Kxf4 62.Rc4+ Kf5 
63.Rc5+ Ke4 64.Rc8 Kf5 65.Rc4 g5 66.hxg5 Kxg5 67.Kh2 Kf5 68.Rc8 Kg4 69.Rg8+ Kf3 
70.Rc8 Kg4 71.Rg8+ Kf5 72.Rc8 Ke5 73.Re8+ Kd4 74.Rd8+ Ke5 75.Re8+ Kf6 76.Rc8 h4 
77.Rc6+ Ke7 78.Rc7+ Kd6 79.Rc8 Kd7 80.Rc3 Kd6 81.Rc8 Ke5 1/2-1/2

[Event "Macieja Memorial"]
[Site "Warsaw POL"]
[Date "2024.07.08"]
[Round "6.16"]
[White "Kokoszczynski, Jan"]
[Black "Kicinski, Jacek"]
[Result "1/2-1/2"]
[WhiteElo "2243"]
[BlackElo "1915"]
[EventDate "2024.07.08"]
[PlyCount "56"]

1.d4 d5 2.Nf3 c6 3.c3 Nf6 4.Qc2 g6 5.Bf4 Bg7 6.e3 O-O 7.h3 Ne4 8.Bd3 f5 9.Nbd2 
Nd7 10.g4 Nxd2 11.Qxd2 fxg4 12.hxg4 Nf6 13.g5 Nh5 14.Rxh5 gxh5 15.Qc2 Bg4 
16.Bxh7+ Kh8 17.Ne5 Rxf4 18.exf4 Bxe5 19.fxe5 Qf8 20.Bd3 Qf3 21.Be2 Qh1+ 22.Bf1 
Rf8 23.Qg6 Qf3 24.Qh6+ Kg8 25.Qg6+ Kh8 26.Qh6+ Kg8 27.Qg6+ Kh8 28.Qh6+ Kg8 1/2-1/2

[Event "Macieja Memorial"]
[Site "Warsaw POL"]
[Date "2024.07.08"]
[Round "6.17"]
[White "Ashwath, Kaushik"]
[Black "Gahan, M G"]
[Result "0-1"]
[WhiteElo "1881"]
[BlackElo "2237"]
[EventDate "2024.07.08"]
[PlyCount "75"]

1.e4 Nf6 2.e5 Nd5 3.d4 d6 4.c4 Nb6 5.exd6 exd6 6.Nf3 Bg4 7.h3 Bh5 8.Be2 Nc6 
9.O-O Be7 10.b3 O-O 11.Bb2 d5 12.c5 Nd7 13.Nc3 Nf6 14.Ne5 Bxe2 15.Nxc6 bxc6 
16.Qxe2 Re8 17.Qd3 Qd7 18.Rfe1 Nh5 19.Qf3 g6 20.Re5 Bf8 21.Rae1 Bg7 22.Rxe8+ 
Rxe8 23.Rxe8+ Qxe8 24.Qe3 Kf8 25.a3 f5 26.b4 a6 27.a4 Nf6 28.b5 cxb5 29.axb5 
axb5 30.Qxe8+ Kxe8 31.Nxb5 Kd7 32.Na3 Ne4 33.Nc2 Nxc5 34.Ba1 Nb3 35.Bc3 c5 
36.Ne3 cxd4 37.Nxd5 dxc3 38.Nxc3 0-1

[Event "Macieja Memorial"]
[Site "Warsaw POL"]
[Date "2024.07.08"]
[Round "6.18"]
[White "Ptaszynski, Szymon"]
[Black "Sanz Wawer, Daniel"]
[Result "1-0"]
[WhiteElo "1825"]
[BlackElo "2216"]
[EventDate "2024.07.08"]
[PlyCount "142"]

1.e4 c6 2.d4 d5 3.Bd3 dxe4 4.Bxe4 Nf6 5.Bf3 Bf5 6.Ne2 e6 7.c3 Bd6 8.Bg5 Nbd7 
9.Ng3 Bg6 10.Nd2 h6 11.Bxf6 Nxf6 12.Nge4 Nxe4 13.Nxe4 Bc7 14.Nc5 Qc8 15.O-O O-O 
16.g3 b6 17.Nd3 Bd6 18.Ne5 Bxe5 19.dxe5 Rd8 20.Qa4 b5 21.Qa3 Qc7 22.Qc5 Rd2 
23.b3 Rc8 24.Rfd1 Rxd1+ 25.Rxd1 Qa5 26.Rd2 Bb1 27.Rb2 Bg6 28.Rd2 a6 29.a3 Qc7 
30.Rd6 Qa5 31.Rxc6 Rxc6 32.Bxc6 Qc7 33.Qd6 Qb6 34.Be4 Qa5 35.Bxg6 fxg6 36.Qxe6+ 
Kh7 37.Qd6 Qxc3 38.e6 Qe1+ 39.Kg2 Qe4+ 40.Kf1 Qb1+ 41.Ke2 Qc2+ 42.Qd2 Qxb3 
43.e7 Qc4+ 44.Qd3 Qg4+ 45.Ke1 Qc8 46.Qe3 Qe8 47.Qe6 a5 48.Qd6 Kg8 49.Qe6+ Kh7 
50.Kd2 h5 51.Kc3 Kh8 52.Kd4 Kh7 53.Kc5 Kh8 54.h4 Kh7 55.f4 Kh8 56.Kd4 Kh7 
57.Qd6 Kg8 58.Qd5+ Kh7 59.Qd8 Qf7 60.e8=Q Qc4+ 61.Ke3 Qc1+ 62.Qd2 Qxa3+ 63.Kf2 
Qc5+ 64.Qee3 Qc6 65.Qxa5 Qc2+ 66.Qad2 Qc6 67.Qdd3 b4 68.f5 gxf5 69.Qxf5+ Kg8 
70.Qfe5 Qc2+ 71.Qe2 Qb3 1-0

[Event "Macieja Memorial"]
[Site "Warsaw POL"]
[Date "2024.07.08"]
[Round "6.19"]
[White "Kazakouski, Valery"]
[Black "Sriram, Jha"]
[Result "1-0"]
[WhiteElo "2599"]
[BlackElo "2191"]
[EventDate "2024.07.08"]
[PlyCount "87"]

1.e4 e5 2.Nf3 Nc6 3.Bc4 Nf6 4.d3 h6 5.c3 d6 6.Nbd2 g6 7.a4 Bg7 8.a5 a6 9.O-O 
O-O 10.Re1 Re8 11.Qb3 Re7 12.Nf1 Rb8 13.Ne3 Be6 14.Nd5 Re8 15.h3 Bxd5 16.exd5 
Ne7 17.Bd2 Nd7 18.d4 exd4 19.Nxd4 Ne5 20.Bf1 c5 21.dxc6 bxc6 22.Qa2 c5 23.Nc2 
N7c6 24.Ne3 Qd7 25.Bxa6 Ra8 26.Bb5 Qb7 27.Bxc6 Nxc6 28.a6 Qb5 29.Nd5 Rxe1+ 
30.Bxe1 Ra7 31.Bd2 c4 32.Ne3 d5 33.Nc2 Nb8 34.Nb4 d4 35.Qa5 Qxa5 36.Rxa5 Bf8 
37.cxd4 Bxb4 38.Bxb4 Nc6 39.Bc5 Ra8 40.Ra4 f5 41.d5 Ne5 42.a7 Nd3 43.Bd4 Kf7 
44.Rxc4 1-0

[Event "Macieja Memorial"]
[Site "Warsaw POL"]
[Date "2024.07.08"]
[Round "6.20"]
[White "Smal, Tobiasz"]
[Black "Heberla, Bartlomiej"]
[Result "0-1"]
[WhiteElo "2104"]
[BlackElo "2409"]
[EventDate "2024.07.08"]
[PlyCount "52"]

1.c4 e6 2.Nc3 d5 3.d4 Nf6 4.cxd5 exd5 5.Bg5 c6 6.e3 h6 7.Bxf6 Qxf6 8.Nf3 Bd6 
9.Be2 O-O 10.O-O Bf5 11.a3 a5 12.Bd3 Bg4 13.h3 Bh5 14.Be2 Nd7 15.Rc1 Rfe8 
16.Ne1 Bg6 17.Bd3 Nf8 18.Na4 Ne6 19.Bxg6 Qxg6 20.Nd3 Ng5 21.Kh1 Qf5 22.h4 Re4 
23.Nf4 Bxf4 24.exf4 Ne6 25.g3 Rxd4 26.Qe2 Rxa4 0-1

[Event "Macieja Memorial"]
[Site "Warsaw POL"]
[Date "2024.07.08"]
[Round "6.21"]
[White "Pakleza, Zbigniew"]
[Black "Charvi, A"]
[Result "1-0"]
[WhiteElo "2405"]
[BlackElo "1826"]
[EventDate "2024.07.08"]
[PlyCount "83"]

1.d4 Nf6 2.Nf3 g6 3.Bf4 Bg7 4.e3 O-O 5.Be2 d5 6.O-O c5 7.c3 Nc6 8.Nbd2 Nd7 
9.Bg3 e5 10.Nb3 c4 11.Nbd2 Re8 12.b3 exd4 13.exd4 cxb3 14.axb3 Nf6 15.b4 Ne4 
16.Nxe4 dxe4 17.Nd2 Ne7 18.Nxe4 Nd5 19.Bf3 Bf5 20.Nd6 Nxc3 21.Qd2 Ne4 22.Bxe4 
Rxe4 23.Nxe4 Bxe4 24.Rfd1 Qd5 25.f3 Bf5 26.Kh1 b6 27.Ra3 h5 28.Qa2 Qb5 29.Rxa7 
Rxa7 30.Qxa7 Qe2 31.Re1 Qc4 32.Qxb6 Bxd4 33.Qd8+ Kg7 34.Qxd4+ Qxd4 35.Be5+ Qxe5 
36.Rxe5 Kf6 37.Re1 Bd3 38.Kg1 Kf5 39.Kf2 g5 40.Ke3 Bb5 41.Kd4 g4 42.Re5+ 1-0

[Event "Macieja Memorial"]
[Site "Warsaw POL"]
[Date "2024.07.08"]
[Round "6.22"]
[White "Janeczko, Jakub"]
[Black "Kanarek, Marcel"]
[Result "0-1"]
[WhiteElo "2084"]
[BlackElo "2389"]
[EventDate "2024.07.08"]
[PlyCount "58"]

1.e4 e5 2.Nf3 Nc6 3.Nc3 Nf6 4.a3 Be7 5.d4 exd4 6.Nxd4 d6 7.Be2 O-O 8.O-O Re8 
9.Re1 Bd7 10.Bf1 Bf8 11.Bg5 h6 12.Bh4 g5 13.Bg3 Bg7 14.Nb3 Ne5 15.h3 Bc6 16.Nd4 
Bd7 17.Nd5 Ng6 18.Nxf6+ Qxf6 19.c3 Re7 20.Qh5 Rae8 21.Bd3 Nf4 22.Bxf4 Qxf4 
23.g3 Qf6 24.Re2 c5 25.Nf3 g4 26.Nh4 Re5 27.Nf5 Bxf5 28.exf5 Rxe2 29.Bxe2 Rxe2 0-1

[Event "Macieja Memorial"]
[Site "Warsaw POL"]
[Date "2024.07.08"]
[Round "6.23"]
[White "Jedrusik, Adam"]
[Black "Rajlich, Iweta"]
[Result "1/2-1/2"]
[WhiteElo "1998"]
[BlackElo "2379"]
[EventDate "2024.07.08"]
[PlyCount "114"]

1.d4 Nf6 2.c4 c5 3.d5 e6 4.Nc3 a6 5.e4 d6 6.a4 g6 7.Bg5 Bg7 8.dxe6 Bxe6 9.e5 
dxe5 10.Qxd8+ Kxd8 11.Ne4 Ke7 12.Nf3 Nd7 13.O-O-O h6 14.Bxf6+ Nxf6 15.Nxc5 Rac8 
16.Nxe6 Kxe6 17.Kb1 Ne4 18.Re1 Nxf2 19.Rg1 Rhd8 20.Be2 f5 21.g4 Bf6 22.g5 hxg5 
23.Nxg5+ Bxg5 24.Rxg5 Kf6 25.Reg1 e4 26.Rxg6+ Ke5 27.Rf1 Nd3 28.Rg5 Nf4 29.Bg4 
Rf8 30.h4 Rxc4 31.b3 Rc3 32.Kb2 Rd3 33.h5 Rd2+ 34.Kc3 Rh2 35.b4 Rc8+ 36.Kb3 Rf8 
37.b5 a5 38.Rc1 Rh4 39.Bxf5 Kd4 40.Rd1+ Nd3 41.Bg6 Rf3 42.Ka2 Rh2+ 43.Kb1 Rb2+ 
44.Ka1 Rb4 45.Rg4 Rxa4+ 46.Kb1 Rb4+ 47.Ka1 Re3 48.h6 Ra4+ 49.Kb1 Rb4+ 50.Ka1 
Re2 51.Rxe4+ Rxe4 52.Bxe4 Kxe4 53.h7 Ra4+ 54.Kb1 Rb4+ 55.Ka1 Ra4+ 56.Kb1 Rb4+ 
57.Ka1 Ra4+ 1/2-1/2

[Event "Macieja Memorial"]
[Site "Warsaw POL"]
[Date "2024.07.08"]
[Round "6.24"]
[White "Majek, Kacper"]
[Black "Mis, Mieszko"]
[Result "0-1"]
[WhiteElo "1996"]
[BlackElo "2344"]
[EventDate "2024.07.08"]
[PlyCount "36"]

1.Nf3 Nf6 2.b3 d6 3.Bb2 e5 4.c4 g6 5.d4 exd4 6.Nxd4 Bg7 7.e3 O-O 8.Nc3 d5 9.Qd2 
c5 10.Nf3 Ne4 11.Nxe4 dxe4 12.Bxg7 Kxg7 13.Qc3+ Kg8 14.Rd1 Qe7 15.Nd2 Bg4 
16.Be2 Bxe2 17.Kxe2 Nc6 18.Nb1 Qg5 0-1

[Event "Macieja Memorial"]
[Site "Warsaw POL"]
[Date "2024.07.08"]
[Round "6.25"]
[White "Kryston, Aleksander"]
[Black "Socko, Monika"]
[Result "0-1"]
[WhiteElo "1737"]
[BlackElo "2288"]
[EventDate "2024.07.08"]
[PlyCount "52"]

1.d4 e6 2.c4 b6 3.Nc3 Bb4 4.Qc2 Nf6 5.a3 Bxc3+ 6.Qxc3 O-O 7.Bg5 Bb7 8.f3 c5 
9.e3 cxd4 10.exd4 Nc6 11.Bd3 Rc8 12.Ne2 Ne4 13.Bxd8 Nxc3 14.Nxc3 Rfxd8 15.Nb5 
d5 16.c5 bxc5 17.dxc5 Ne5 18.Be2 Rxc5 19.Nxa7 d4 20.b4 Rc2 21.Nb5 d3 22.Bd1 
Rxg2 23.a4 Nxf3+ 24.Bxf3 Bxf3 25.Rd1 Re2+ 26.Kf1 Bxh1 0-1

[Event "Macieja Memorial"]
[Site "Warsaw POL"]
[Date "2024.07.08"]
[Round "6.26"]
[White "Wieckowski, Michal"]
[Black "Krasenkow, Michal"]
[Result "0-1"]
[WhiteElo "1904"]
[BlackElo "2376"]
[EventDate "2024.07.08"]
[PlyCount "88"]

1.e4 g6 2.d4 Bg7 3.c4 d6 4.Nc3 e5 5.d5 h5 6.Be2 Bh6 7.h3 Bxc1 8.Rxc1 Nd7 9.Nf3 
a5 10.O-O Nc5 11.Ne1 Nf6 12.f3 h4 13.Nd3 Nxd3 14.Bxd3 Nd7 15.Qd2 Qf6 16.Nb5 Kd8 
17.f4 exf4 18.Rxf4 Qe7 19.Rcf1 Ne5 20.Rf6 Bf5 21.exf5 Qxf6 22.fxg6 Qe7 23.gxf7 
Nxf7 24.Bf5 c6 25.Nd4 Kc7 26.c5 dxc5 27.Ne6+ Kb6 28.dxc6 bxc6 29.Rf3 a4 30.Qc3 
Rh5 31.Bg4 Rd5 32.Nf4 Rd1+ 33.Kh2 Qd6 34.Qg7 Ne5 35.Rc3 Nxg4+ 36.Qxg4 Rd4 
37.Rf3 Rf8 38.g3 hxg3+ 39.Kxg3 c4 40.h4 a3 41.bxa3 c3 42.Rf1 Rdxf4 43.Rxf4 
Qxf4+ 44.Qxf4 Rxf4 0-1

[Event "Macieja Memorial"]
[Site "Warsaw POL"]
[Date "2024.07.08"]
[Round "6.27"]
[White "Pancewicz, Szymon"]
[Black "Zawadzka, Beata"]
[Result "1-0"]
[WhiteElo "1896"]
[BlackElo "2329"]
[EventDate "2024.07.08"]
[PlyCount "56"]

1.e4 c5 2.Nf3 d6 3.Bc4 Nf6 4.d3 Nc6 5.c3 e6 6.O-O Be7 7.Bb3 O-O 8.Nbd2 d5 9.Re1 
b6 10.e5 Nd7 11.d4 cxd4 12.cxd4 f6 13.exf6 Nxf6 14.Ba4 Qd6 15.Nf1 Bd7 16.Bg5 
Ne4 17.Bxe7 Nxe7 18.Bc2 Nf6 19.Ne5 Rae8 20.Qd2 Bc8 21.Rac1 Nf5 22.Ne3 Nxe3 
23.Rxe3 Ba6 24.f3 Rc8 25.Ra3 Bb7 26.Rxa7 Nd7 27.Rxb7 Nxe5 28.dxe5 Qc5+ 1-0

[Event "Macieja Memorial"]
[Site "Warsaw POL"]
[Date "2024.07.08"]
[Round "6.28"]
[White "Kotowicz, Kamil"]
[Black "Zatonskih, Anna"]
[Result "0-1"]
[WhiteElo "1892"]
[BlackElo "2324"]
[EventDate "2024.07.08"]
[PlyCount "112"]

1.d4 d5 2.c4 e6 3.Nf3 Nf6 4.Bg5 Be7 5.e3 h6 6.Bxf6 Bxf6 7.Nc3 c6 8.Bd3 Nd7 
9.O-O O-O 10.e4 dxc4 11.Bxc4 e5 12.d5 Nb6 13.Bb3 Bg4 14.dxc6 bxc6 15.Qxd8 Rfxd8 
16.Rfd1 Kf8 17.Na4 Bxf3 18.gxf3 Be7 19.Rac1 Rxd1+ 20.Rxd1 Ke8 21.Rc1 Rc8 22.Kf1 
c5 23.Nc3 c4 24.Bd1 Bb4 25.Be2 Ke7 26.a3 Bxc3 27.Rxc3 Kd6 28.Bd1 Kc5 29.Ke2 Rd8 
30.Bc2 Rd4 31.b3 a5 32.bxc4 Rxc4 33.Kd3 f6 34.Bb3 Rxc3+ 35.Kxc3 Nc8 36.Be6 Ne7 
37.Bf7 Nc6 38.Bb3 Nd4 39.Bd1 Nb5+ 40.Kb3 Nd4+ 41.Kc3 Ne6 42.Be2 h5 43.Bd1 h4 
44.Bb3 Ng5 45.Bd1 Nh3 46.Kb3 Nxf2 47.Be2 Nh3 48.Ka4 Kb6 49.Kb3 Nf4 50.Bf1 Ne6 
51.Kc4 Kc6 52.Bh3 Nc7 53.Bc8 Ne8 54.Be6 Nd6+ 55.Kc3 Kc5 56.Kb3 Nb5 0-1

[Event "Macieja Memorial"]
[Site "Warsaw POL"]
[Date "2024.07.08"]
[Round "6.29"]
[White "Karwowski, Kacper"]
[Black "Bartodziej, Bartosz"]
[Result "1-0"]
[WhiteElo "2184"]
[BlackElo "1876"]
[EventDate "2024.07.08"]
[PlyCount "97"]

1.d4 Nf6 2.Nf3 d5 3.c4 e6 4.Nc3 dxc4 5.e3 a6 6.a4 b6 7.Bxc4 Bb7 8.O-O Nbd7 9.d5 
exd5 10.Nxd5 Bd6 11.e4 O-O 12.Bg5 h6 13.Bh4 g5 14.Bg3 Nxe4 15.Qd4 Nxg3 16.hxg3 
Bxd5 17.Bxd5 Rb8 18.Qd3 Qf6 19.Qxa6 Nc5 20.Qe2 Rfe8 21.Qc2 Ne6 22.Rad1 Rbd8 
23.Rd3 g4 24.Nh4 Nd4 25.Qd1 Bc5 26.Qxg4+ Kh7 27.Bf3 Ne6 28.Rxd8 Rxd8 29.b4 Bd6 
30.Nf5 Rg8 31.Qe4 Ng5 32.Qd3 Nxf3+ 33.Qxf3 Rg5 34.Nxd6 Qxf3 35.gxf3 cxd6 36.Rd1 
d5 37.a5 bxa5 38.bxa5 d4 39.Ra1 Rd5 40.Kf1 d3 41.Ke1 Kg7 42.a6 Re5+ 43.Kd2 Re8 
44.a7 Ra8 45.Kxd3 Kf6 46.Ra6+ Ke7 47.Ke4 Kd7 48.Kf5 Kc7 49.Rf6 1-0

[Event "Macieja Memorial"]
[Site "Warsaw POL"]
[Date "2024.07.08"]
[Round "6.30"]
[White "Sacharewicz, Krzysztof"]
[Black "Mulawa, Cyprian"]
[Result "0-1"]
[WhiteElo "1876"]
[BlackElo "2178"]
[EventDate "2024.07.08"]
[PlyCount "66"]

1.d4 Nf6 2.Nf3 c5 3.e3 g6 4.c3 Bg7 5.g3 O-O 6.Bg2 d5 7.O-O Nc6 8.Nbd2 Bf5 
9.dxc5 a5 10.Nb3 e5 11.Nh4 Be6 12.e4 dxe4 13.Qe2 Qd3 14.Re1 Bc4 15.Qe3 Rad8 
16.Nd2 Qxe3 17.Rxe3 Bd3 18.b3 Nd5 19.Re1 Nxc3 20.Bxe4 Nxe4 21.Nxe4 f5 22.Ng5 e4 
23.Be3 Bxa1 24.Rxa1 Rfe8 25.Re1 Nd4 26.Bxd4 Rxd4 27.Rc1 a4 28.Nh3 axb3 29.axb3 
Rb4 30.Rc3 Ra8 31.Nf4 Ra1+ 32.Kg2 Bf1+ 33.Kg1 Bh3+ 0-1

[Event "Macieja Memorial"]
[Site "Warsaw POL"]
[Date "2024.07.08"]
[Round "6.31"]
[White "Mizzi, Jack"]
[Black "Pawlowski, Maciej"]
[Result "1-0"]
[WhiteElo "2127"]
[BlackElo "1872"]
[EventDate "2024.07.08"]
[PlyCount "75"]

1.d4 e6 2.c4 f5 3.Nf3 Nf6 4.g3 Be7 5.Bg2 O-O 6.O-O d6 7.Nc3 Nbd7 8.Qc2 Qe8 9.d5 
e5 10.Qxf5 Nc5 11.Qc2 a5 12.Be3 b6 13.Nb5 Bd8 14.Bxc5 bxc5 15.Ng5 Rb8 16.a4 h6 
17.Ne4 Bf5 18.Nxf6+ Rxf6 19.e4 Bd7 20.Qc3 Ra8 21.Kh1 c6 22.dxc6 Bxc6 23.Rad1 
Qg6 24.Qd3 Be7 25.Nc7 Raf8 26.Nd5 Bxd5 27.Qxd5+ Kh7 28.Qd2 R6f7 29.f3 Rb8 
30.Qc2 Bg5 31.Rd3 Rfb7 32.b3 Rb6 33.Rfd1 Be7 34.Re1 Bf6 35.f4 exf4 36.gxf4 Bd4 
37.Rg3 Qf6 38.e5+ 1-0

[Event "Macieja Memorial"]
[Site "Warsaw POL"]
[Date "2024.07.08"]
[Round "6.32"]
[White "Zabawski, Grzegorz"]
[Black "Skurniak, Szymon"]
[Result "0-1"]
[WhiteElo "1870"]
[BlackElo "2107"]
[EventDate "2024.07.08"]
[PlyCount "78"]

1.e4 c5 2.c3 d5 3.exd5 Qxd5 4.d4 Nf6 5.Nf3 Nc6 6.Be3 Bg4 7.Be2 cxd4 8.cxd4 Qa5+ 
9.Nc3 Ne4 10.Qb3 Nxc3 11.bxc3 e6 12.O-O Nd8 13.Bb5+ Nc6 14.Bxc6+ bxc6 15.Qb7 
Rd8 16.Qxc6+ Ke7 17.d5 Qxd5 18.Bc5+ Kf6 19.Bd4+ Ke7 20.Qa4 Bxf3 21.gxf3 Qxf3 
22.Rfe1 Qg4+ 23.Kf1 Qh3+ 24.Kg1 f6 25.Re3 Qg4+ 26.Rg3 Qf5 27.Re1 e5 28.Bc5+ Kf7 
29.Qxa7+ Rd7 30.Qb6 Bxc5 31.Qxc5 Rhd8 32.Qe3 Qe6 33.h4 Rd1 34.Kh2 Rxe1 35.Qxe1 
Qxa2 36.Qe4 Qxf2+ 37.Kh3 Qf1+ 38.Rg2 Rd3+ 39.Kh2 Qf4+ 0-1

[Event "Macieja Memorial"]
[Site "Warsaw POL"]
[Date "2024.07.08"]
[Round "6.33"]
[White "Padalka, Artem"]
[Black "Pietrzak, Wojciech"]
[Result "1-0"]
[WhiteElo "2101"]
[BlackElo "1870"]
[EventDate "2024.07.08"]
[PlyCount "61"]

1.Nf3 d5 2.g3 c6 3.Bg2 Nf6 4.O-O Bf5 5.d3 h5 6.Nh4 Bh7 7.f4 e6 8.h3 Nbd7 9.Nc3 
Be7 10.e4 Qb6+ 11.Kh1 dxe4 12.dxe4 O-O-O 13.Qe2 e5 14.f5 Bb4 15.Be3 Qc7 16.Qc4 
Ba5 17.Qxf7 Rdf8 18.Qc4 Nb6 19.Qe2 Rhg8 20.Rad1 g5 21.fxg6 Bxg6 22.Bc5 Bxc3 
23.Bxf8 Qf7 24.Rd6 Nbd7 25.Bh6 Bb4 26.Rdxf6 Nxf6 27.Bg5 Be7 28.Qf2 Rf8 29.Qxa7 
Qe6 30.Nxg6 Nxe4 31.Nxe7+ 1-0

[Event "Macieja Memorial"]
[Site "Warsaw POL"]
[Date "2024.07.08"]
[Round "6.34"]
[White "Klimek, Piotr"]
[Black "Goraj, Barbara"]
[Result "0-1"]
[WhiteElo "1866"]
[BlackElo "2095"]
[EventDate "2024.07.08"]
[PlyCount "56"]

1.Nf3 Nf6 2.b3 d5 3.Bb2 c6 4.g3 Bf5 5.Bg2 e6 6.O-O Be7 7.c4 O-O 8.Nh4 Bg6 
9.Nxg6 hxg6 10.d3 Nbd7 11.Nd2 Rc8 12.e4 dxe4 13.Nxe4 Nxe4 14.dxe4 Nc5 15.Qe2 a5 
16.Rad1 Qc7 17.f4 Rcd8 18.f5 Rxd1 19.Rxd1 exf5 20.exf5 gxf5 21.Qh5 Rd8 22.Rxd8+ 
Qxd8 23.Qxf5 Nd3 24.Bc3 g6 25.Qh3 Bc5+ 26.Kf1 Bd4 27.Bxd4 Qxd4 28.Qc8+ Kg7 0-1